|
|
|
|
| LEADER |
00000nam0a2200000 4500 |
| 001 |
180679 |
| 005 |
20231101223550.0 |
| 010 |
|
|
|a 9789850809780
|
| 035 |
|
|
|a (RuTPU)RU\TPU\book\195861
|
| 090 |
|
|
|a 180679
|
| 100 |
|
|
|a 20100524d2008 km y0rusy50 ca
|
| 101 |
0 |
|
|a rus
|
| 102 |
|
|
|a BY
|
| 105 |
|
|
|a a z 001zy
|
| 200 |
1 |
|
|a Органо-минеральные дисперсии. Регулирование их свойств и применение
|f В. Д. Кошевар
|g Академия наук Беларуси (АНБ, АН Беларуси), Институт общей и неорганической химии (ИОНХ)
|
| 210 |
|
|
|a Минск
|c Белорусская наука
|d 2008
|
| 215 |
|
|
|a 312 с.
|c ил.
|
| 320 |
|
|
|a Библиогр.: с. 287-309.
|
| 330 |
|
|
|a В монографии изложены физико-химические основы управления свойствами органо-минеральных дисперсных систем и прогнозирования макрохарактеристик технических изделий, получаемых путем их технологической переработки. Впервые с позиции донорно-акцепторного взаимодействия на границе разделов фаз дана оценка диспергирующего и стабилизирующего действия органических жидкостей при получении многокомпонентных дисперсий минеральных порошков, а также установлена зависимость макрохарактеристик дисперсных систем от донорных и акцепторных свойств ингредиентов. Значительное внимание уделено рассмотрению роли сферического, адсорбционно-сольватного и структурно-механического факторов в обеспечении устойчивости суспензий в условиях конкурирующих межфазных взаимодействий, что позволило выработать общие принципы получения дисперсий порошков в неводных средах с заданными свойствами. Книга предназначена для научных и инженерно-технических работников, занимающихся разработкой, исследованием и применением дисперсных систем. Она может представлять интерес также для преподавателей, аспирантов и студентов химического и химико-технологического профилей.
|
| 606 |
1 |
|
|a Системы с жидкой дисперсной средой
|2 stltpush
|3 (RuTPU)RU\TPU\subj\70921
|9 85072
|
| 610 |
1 |
|
|a органо-минеральные дисперсии
|
| 610 |
1 |
|
|a органические жидкости
|
| 610 |
1 |
|
|a порошки
|
| 610 |
1 |
|
|a суспензии
|
| 610 |
1 |
|
|a бинарные жидкости
|
| 610 |
1 |
|
|a водные среды
|
| 675 |
|
|
|a 544.773
|v 3
|
| 700 |
|
1 |
|a Кошевар
|b В. Д.
|g Василий Дмитриевич
|
| 712 |
0 |
2 |
|a Академия наук Беларуси (АНБ, АН Беларуси)
|b Институт общей и неорганической химии (ИОНХ)
|c (Минск)
|2 stltpush
|3 (RuTPU)RU\TPU\col\15656
|
| 801 |
|
1 |
|a RU
|b 63413507
|c 20100524
|
| 801 |
|
2 |
|a RU
|b 63413507
|c 20130823
|g RCR
|
| 942 |
|
|
|c BK
|
| 959 |
|
|
|a 32/20100520
|d 1
|e 701,80
|f ЧЗТЛ:1
|